1220 1545 1038 1329 1889 1651 1875 1372 1124 1676 1476 1568 1924 1863 1672 1587 1979 1041 1234 1195 1918 1622 1354 1968 1788 1231 1563 1233 1037 1377 1422 1602 1094 1418 1012 1451 1458 1722 1067 1291 1332 1119 1322 1381 1448 1068 1722 1270 1313 1144 1301 1254 1669 1572 1666 1592 1386 1893 1064 1068 1032 1382 1807 1570 1341 1445 1311 1401 1676 1717 1838 1339 1019 1933 1505 1596 1137 1291 1631 1064 1577 1614 1209 1868 1989 1227 1892 1049 1798 1994 1983 1840 1567 1065 1994 1169 1640 1457 1798 BCNSPRNW ULIB Ver.6.0+V

เปลี่ยนเป็นภาษาไทย

Change to English
 แสดงรายละเอียดบรรณานุกรม
  กลับหน้าหลัก

Brief Record : Get Marc (ISO 2709) : E-mail record : QR code < ปิดหน้าต่าง
LEADER : 00000nam 2200000uu 4500
001    13399124995
003     ULIB
008    160527s2554||||th 000 0 tha d
020    ^a9789744821027
060  4 ^aWM100^bส271ร 2554
100 0  ^aสมภพ เรืองตระกูล
245 10 ^aตำราประสาทจิตเวช /^cสมภพ เรืองตระกูล
250    ^aพิมพ์ครั้งที่ 1
260    ^aกรุงเทพฯ :^bเรือนแก้วการพิมพ์,^c2554
300    ^a350 หน้า
490 0  ^aตำราจิตเวชสำหรับแพทย์เวชศาสตร์ครอบครัว ;^vชุดที่ 22
650  7 ^aจิตเวชศาสตร์
650  7 ^aโรคจิต
945    ^p420^l0^i23721
945    ^p420^l0^i23722
945    ^p420^l0^i23723
999    ^aทศพร เกษรทอง
รายการนี้ยังไม่มีแท็ก
คุณยังไม่ได้ล็อกอิน คุณสามารถมีกิจกรรมร่วมกับเว็บไซต์ได้ แต่ต้องล็อกอินก่อน ::
  ล็อกอิน

รายการสื่อสารสนเทศ

ลำดับที่ ประเภท เลขเรียก/บาร์โค้ด สถานที่ สถานะ
1. วิทยาศาสตร์การแพทย์ และสุขภาพ
วิทยาศาสตร์การแพทย์ และสุขภาพ
สถานะ=หนังสือเก่า
WM100 ส271ร 2554 ฉ.1 
  Barcode: 23721
ห้องสมุดวิทยาเขตนครสวรรค์
►ส่วนจัดเก็บหนังสือเก่า นว.
บนชั้น
  ขอยืม
2. วิทยาศาสตร์การแพทย์ และสุขภาพ
วิทยาศาสตร์การแพทย์ และสุขภาพ
สถานะ=หนังสือเก่า
WM100 ส271ร 2554 ฉ.2 
  Barcode: 23722
ห้องสมุดวิทยาเขตนครสวรรค์
►ส่วนจัดเก็บหนังสือเก่า นว.
บนชั้น
  ขอยืม
3. วิทยาศาสตร์การแพทย์ และสุขภาพ
วิทยาศาสตร์การแพทย์ และสุขภาพ
สถานะ=หนังสือเก่า
WM100 ส271ร 2554 ฉ.3 
  Barcode: 23723
ห้องสมุดวิทยาเขตนครสวรรค์
►ส่วนจัดเก็บหนังสือเก่า นว.
บนชั้น
  ขอยืม

รายการใกล้เคียง
    ผู้แต่ง [สมภพ เรืองตระกูล]

    หัวเรื่อง [จิตเวชศาสตร์]
    หัวเรื่อง [โรคจิต]

BibComment


ยังไม่เคยถูกคอมเมนท์

คอมเมนท์ทรัพยากรรายการนี้
  คอมเมนท์: ตำราประสาทจิตเวช..


 Copyright 2026. Bcnsprnw @Library